[Event "OLNO 2122 SV Glückauf Rüdersdorf - SC"]
[Site "?"]
[Date "2022.05.29"]
[Round "5.5"]
[White "Bachmann, Volker"]
[Black "Dudzinski, Piotr"]
[Result "0-1"]
[WhiteElo "2130"]
[BlackElo "2317"]
[PlyCount "66"]
[EventDate "2022.??.??"]

1. d4 d5 2. c4 e6 3. Nc3 Nf6 4. Bg5 Nbd7 5. Nf3 c6 6. e3 Be7 7. Bd3 O-O 8. O-O
b6 9. cxd5 exd5 10. Rc1 Bb7 11. Ne5 Nxe5 12. dxe5 Nd7 13. Bxe7 Qxe7 14. f4 f6
15. Qc2 h6 16. e4 fxe5 17. exd5 cxd5 18. Qb3 Kh8 19. Nxd5 Qd6 20. Bc4 exf4 21.
Qb4 Nc5 22. Rcd1 Qg6 23. Qc3 Bxd5 24. Bxd5 Rad8 25. b4 Na4 26. Qc7 Rc8 27. Qxa7
Nc3 28. Rd2 Nxd5 29. Rxd5 Rc2 30. Rf2 Rc1+ 31. Rf1 f3 32. Rd2 Rxf1+ 33. Kxf1
fxg2+ 0-1

[Event "OLNO 2122 SV Glückauf Rüdersdorf - SC"]
[Site "?"]
[Date "2022.05.29"]
[Round "5.7"]
[White "Marwitz, Tino"]
[Black "Wlodarczyk, Oskar"]
[Result "0-1"]
[WhiteElo "1989"]
[BlackElo "2218"]
[PlyCount "66"]
[EventDate "2022.??.??"]

1. d4 c5 2. d5 e5 3. c4 d6 4. Nc3 Be7 5. e4 Nf6 6. Be2 O-O 7. g4 Ne8 8. Be3 Bg5
9. Qd2 Bxe3 10. Qxe3 Na6 11. Qd2 Nac7 12. h4 a6 13. a4 b6 14. h5 Rb8 15. g5 f5
16. Nf3 Bd7 17. exf5 Rxf5 18. Ne4 Rf4 19. Rh4 Rxh4 20. Nxh4 b5 21. axb5 axb5
22. O-O-O bxc4 23. Rg1 Nb5 24. Bxc4 Nd4 25. Qd3 Qb6 26. Qb1 Qb4 27. Nd2 Bb5 28.
Bxb5 Rxb5 29. Rh1 Ne2+ 30. Kc2 Qd4 31. Nhf3 Qxd5 32. Qa1 e4 33. Qa4 Qd3+ 0-1

[Event "OLNO 2122 SK König Tegel II - Forster "]
[Site "?"]
[Date "2022.05.29"]
[Round "5.1"]
[White "Aliavdin, Nikolai"]
[Black "Giemsa, Stephan"]
[Result "1-0"]
[WhiteElo "2310"]
[BlackElo "2285"]
[PlyCount "51"]
[EventDate "2022.??.??"]

1. e4 e6 2. d4 d5 3. e5 c5 4. c3 Nc6 5. Nf3 Qb6 6. Be2 cxd4 7. cxd4 Nge7 8. Na3
Nf5 9. Nc2 h5 10. h4 a5 11. Bd3 Nb4 12. Bxf5 exf5 13. O-O Nxc2 14. Qxc2 Be6 15.
Bg5 Rc8 16. Qd1 Rc4 17. b3 Rc6 18. a3 Rc3 19. b4 axb4 20. axb4 Qb5 21. Ra8+ Rc8
22. Qa1 Be7 23. Rc1 Bxg5 24. Rcxc8+ Bxc8 25. Rxc8+ Bd8 26. Rxd8+ 1-0

[Event "OLNO 2122 SK König Tegel II - Forster "]
[Site "?"]
[Date "2022.05.29"]
[Round "5.2"]
[White "Dimitrijeski, Boris"]
[Black "Kleeschaetzky, Rainer"]
[Result "1-0"]
[WhiteElo "2209"]
[BlackElo "2280"]
[PlyCount "69"]
[EventDate "2022.??.??"]

1. d4 d5 2. c4 c6 3. Nf3 Nf6 4. e3 e6 5. Bd3 dxc4 6. Bxc4 b5 7. Bb3 Nbd7 8. O-O
Be7 9. Qe2 a5 10. Rd1 Bb7 11. e4 a4 12. Bc2 h6 13. Nc3 b4 14. Nxa4 Ba6 15. Qe1
Bb5 16. b3 Bxa4 17. bxa4 Nb6 18. Bd2 Nxa4 19. Bxb4 O-O 20. Bd2 Re8 21. e5 Nd5
22. Qe4 g6 23. Qg4 Kg7 24. Bb3 Rh8 25. h4 h5 26. Qg3 Ra7 27. Ng5 Rf8 28. Bc2
Bxg5 29. Bxg5 Qa5 30. Bb3 Rb8 31. Rac1 Nac3 32. Re1 Qb4 33. Bd2 Ne4 34. Bxb4
Nxg3 35. Bc5 1-0

[Event "OLNO 2122 SK König Tegel II - Forster "]
[Site "?"]
[Date "2022.05.29"]
[Round "5.3"]
[White "Bielinski, Dariusz"]
[Black "Kachibadze, Georg"]
[Result "0-1"]
[WhiteElo "2105"]
[BlackElo "2263"]
[PlyCount "96"]
[EventDate "2022.??.??"]

1. Nf3 d5 2. e3 Nf6 3. c4 e6 4. b3 Be7 5. Bb2 O-O 6. Nc3 b6 7. cxd5 Nxd5 8.
Nxd5 Qxd5 9. Bc4 Qh5 10. g4 Qh3 11. Rg1 Bb7 12. Rg3 Qh6 13. Qe2 Nd7 14. h4 Bxh4
15. g5 Qh5 16. Nxh4 Qxh4 17. O-O-O Nc5 18. Rg4 Qh3 19. Rg3 Qh4 20. Rg4 Qh2 21.
e4 a6 22. Qf3 Qh5 23. Qc3 Qg6 24. f3 b5 25. Be2 Nd7 26. Rh1 e5 27. Rgh4 c5 28.
Qe3 Rfe8 29. Rxh7 Qxh7 30. Rxh7 Kxh7 31. f4 Kg8 32. f5 f6 33. g6 Kf8 34. a4 b4
35. Bc4 Ke7 36. Be6 Rh8 37. Qd3 Nb6 38. a5 Rh1+ 39. Kc2 Rd8 40. Qe3 Nd7 41. Bc1
Rh4 42. d3 Rdh8 43. Bd2 Rh3 44. Qg1 Kd6 45. Bxd7 Kxd7 46. Bxb4 cxb4 47. Qb6
Rh2+ 48. Kd1 Kc8 0-1

[Event "OLNO 2122 SK König Tegel II - Forster "]
[Site "?"]
[Date "2022.05.29"]
[Round "5.4"]
[White "Jahnz, Fabian"]
[Black "Dabrowski, Grzegorz"]
[Result "1-0"]
[WhiteElo "2254"]
[BlackElo "2050"]
[PlyCount "135"]
[EventDate "2022.??.??"]

1. d4 Nf6 2. c4 e6 3. Nc3 c5 4. d5 exd5 5. cxd5 d6 6. Nf3 g6 7. Nd2 Bg7 8. e4
O-O 9. Be2 Re8 10. O-O a6 11. a4 Nbd7 12. Re1 Rb8 13. a5 Qc7 14. Ra3 Ne5 15.
Nf1 b5 16. axb6 Rxb6 17. Ne3 Rb4 18. f3 Qb6 19. Kh1 a5 20. Nc2 Rb3 21. Rxb3
Qxb3 22. Nb5 Rd8 23. Bf1 c4 24. Ncd4 Qxd1 25. Rxd1 Bd7 26. Bd2 Ne8 27. Bc3 Bxb5
28. Nxb5 Rb8 29. Nd4 a4 30. Ra1 Nd3 31. Bxd3 cxd3 32. Kg1 d2 33. Kf2 a3 34. Ke2
axb2 35. Rb1 Rc8 36. Kxd2 f5 37. Nc6 Kf7 38. Bxg7 Kxg7 39. Rxb2 fxe4 40. fxe4
Nf6 41. Rb7+ Kf8 42. Kd3 Ra8 43. e5 Ra3+ 44. Kd4 dxe5+ 45. Kxe5 Ng4+ 46. Ke6
Ra1 47. Rxh7 Re1+ 48. Kd6 Re2 49. g3 Nxh2 50. Kc7 Ng4 51. d6 Nf6 52. d7 Nxd7
53. Rxd7 Re3 54. g4 Re4 55. Rd4 Re1 56. Kd6 Kg7 57. g5 Rf1 58. Ke6 Rf5 59. Rd7+
Kf8 60. Rd5 Rf1 61. Ne5 Ke8 62. Ra5 Kf8 63. Nxg6+ Kg7 64. Ne5 Rf2 65. Ra7+ Kg8
66. Ng4 Rg2 67. Nf6+ Kf8 68. Rf7# 1-0

[Event "OLNO 2122 SK König Tegel II - Forster "]
[Site "?"]
[Date "2022.05.29"]
[Round "5.6"]
[White "Niehaus, Frank"]
[Black "Stahr, Ralf-Peter"]
[Result "0-1"]
[WhiteElo "2105"]
[BlackElo "2148"]
[PlyCount "50"]
[EventDate "2022.??.??"]

1. e4 c5 2. Nc3 Nc6 3. f4 e6 4. Nf3 d5 5. Bb5 Nge7 6. O-O a6 7. Bxc6+ Nxc6 8.
d3 Be7 9. Kh1 b6 10. Qe1 dxe4 11. Nxe4 Bb7 12. Bd2 Nd4 13. Nxd4 cxd4 14. Qg3 g6
15. c4 h5 16. Qe1 O-O 17. Bb4 Bxb4 18. Qxb4 Bxe4 19. dxe4 Qc7 20. f5 Qc5 21.
Qd2 Kh7 22. Qg5 exf5 23. Rxf5 Qxc4 24. Rf4 Rae8 25. Raf1 Rxe4 0-1

[Event "OLNO 2122 SK König Tegel II - Forster "]
[Site "?"]
[Date "2022.05.29"]
[Round "5.7"]
[White "Zeihser, Michael"]
[Black "Rath, Alina"]
[Result "0-1"]
[WhiteElo "2115"]
[BlackElo "2048"]
[PlyCount "68"]
[EventDate "2022.??.??"]

1. d4 d5 2. c4 e6 3. Nf3 c5 4. e3 Nf6 5. Nc3 Nc6 6. Bd3 a6 7. O-O dxc4 8. Bxc4
b5 9. Bd3 Bb7 10. a4 b4 11. Ne4 cxd4 12. Nxf6+ Qxf6 13. exd4 h6 14. Be3 Bd6 15.
Rc1 Ne7 16. Re1 Ng6 17. Bxg6 Qxg6 18. Nh4 Qe4 19. Qf3 Bxh2+ 20. Kxh2 Qxh4+ 21.
Qh3 Qxh3+ 22. Kxh3 Kd7 23. Rc4 a5 24. Rec1 Rhc8 25. Rc5 Rxc5 26. Rxc5 Bc6 27.
Bf4 Ra7 28. Bb8 Ra8 29. Bf4 Bxa4 30. Rc7+ Ke8 31. Bd6 Bd7 32. Rb7 e5+ 33. Kg3
exd4 34. Kf4 g5+ 0-1

[Event "OLNO 2122 SK König Tegel II - Forster "]
[Site "?"]
[Date "2022.05.29"]
[Round "5.8"]
[White "Von Herman, Brigitte"]
[Black "Goldschmidt, Juergen"]
[Result "1-0"]
[WhiteElo "1929"]
[BlackElo "1893"]
[PlyCount "111"]
[EventDate "2022.??.??"]

1. e4 c6 2. d4 d5 3. exd5 cxd5 4. Bd3 Nc6 5. c3 Nf6 6. h3 g6 7. Nf3 Bg7 8. O-O
O-O 9. Re1 a6 10. Bf4 Bd7 11. Nbd2 Na5 12. Ne5 b5 13. Qe2 Re8 14. b4 Nc4 15.
Nb3 Qc8 16. Nc5 Bf5 17. a4 Bxd3 18. Qxd3 Nb2 19. Qc2 Nxa4 20. Nxa4 bxa4 21. Nd3
Ne4 22. Nc5 Nxc5 23. bxc5 e5 24. Be3 Re7 25. Rxa4 Qc6 26. Rea1 Rea7 27. Qa2 h6
28. Rb1 Rb7 29. Rxb7 Qxb7 30. Rb4 Qd7 31. Rb6 a5 32. Rd6 Qb7 33. Qa4 exd4 34.
Bxd4 Qb1+ 35. Kh2 Qe4 36. Qc6 Be5+ 37. Bxe5 Qxe5+ 38. g3 Rb8 39. Qc7 Re8 40.
Qxa5 Qe1 41. Rf6 Re2 42. Kg2 Rd2 43. Qd8+ Kg7 44. Rf4 Qe6 45. Qb6 Rc2 46. Qb4
Rc1 47. Qd4+ Kg8 48. Qd2 Re1 49. Rd4 Kg7 50. Rb4 Ra1 51. Qd4+ Qf6 52. Qxd5 Qxc3
53. Rb7 Qf6 54. Rb6 Qc3 55. Rb8 Re1 56. Qd8 1-0